000 00584cam a2200217 4500
001 2660343
005 20180308043941.0
008 730719s1973 mau b 000 0 eng
010 _a 72013637
040 _aDLC
_cDLC
_dDLC
041 _aeng
043 _an-us---
080 _a342.73024
082 0 0 _a342.73024 WOO
100 1 _a14
101 _aSHJ
245 1 4 _aThe Confederation and the Constitution:
_cedited by Gordon S. Wood.
504 _aBibliography: p. 181-189.
906 _a7
_bcbc
_corignew
_d2
_eocip
_f19
_gy-gencatlg
942 _2ddc
_cBK
999 _c44416
_d44416